[Event "9th Masters"]
[Site "Bilbao"]
[Date "2016.07.14"]
[Round "2.2"]
[White "Wei, Yi"]
[Black "Carlsen, Magnus"]
[Result "0-1"]
[WhiteElo "2696"]
[BlackElo "2855"]
[EventDate "2016.??.??"]
[Annotator "Bojkov,Dejan"]
[PlyCount "120"]
[Beauty "6394669453860"]
[EventType "game"]
[EventCountry "ESP"]
[WhiteClock "0:31:52"]
[BlackClock "0:37:23"]

1.d4 g6 2.e4 Bg7 3.Nc3 d6 4.Be3 ( 4.Nf3 Nf6 5.Be3 O-O 6.Qd2 {was a normal Pirc in Wei,Y (2607)-Bryant,J (2410) Santa Clara 2014} ) 4...a6 5.f4 ( 5.a4 Nf6 6.h3 O-O 7.g4 {and eventually Naiditsch defeated the world champion in a game that was annotated for the Chess.com members, Naiditsch,A (2706)-Carlsen,M (2865) Baden-Baden 2015} ) 5...b5 6.Nf3 Nd7 7.e5 Bb7 8.Bd3 c5 ( {Another option is} 8...e6 9.O-O Nh6 10.Ne4 Nb6 11.Bf2 Qd7 {Frolyanov, D (2566)-Fedoseev,V (2674) Kaliningrad 2015} ) 9.Be4 Bxe4 ( 9...Qc8 10.Bxb7 Qxb7 11.dxc5 dxe5 12.Qd5 $1 {should be avoided by Black as Grischuk proved against Bacrot in 2002.} ) 10.Nxe4 Nh6 11.dxc5 dxe5 ( 11...Ng4 12.Bg1 dxe5 13.h3 Nh6 14.c6 Nf6 15.Qxd8+ Rxd8 16.c7 Rc8 17.Nxf6+ exf6 18.Bb6 {The little extra move h2-h3 makes a big difference. White can exclude the opponent's knight from the game with g2-g4 later, Smeets,J (2662)-Vachier Lagrave,M (2715) Wijk aan Zee 2011} ) 12.c6 ( {Black did reasonably well in the only otb game after} 12.Qe2 Qc7 13.fxe5 Nxe5 14.O-O-O Nf5 15.Bf2 ( 15.Bf4 $5 ) 15...O-O 16.c3 Ng4 {Erdogdu,M (2419) -Yilmazyerli,M (2450) Kocaeli 2015} ) 12...Nf6 13.Qxd8+ Rxd8 14.Nxf6+ exf6 15.c7 Rc8 16.Bb6 Kd7 17.Ba5 Nf5 18.O-O-O+ Kc6 19.Rd8 {An obvious move and a novelty. It seems decisive almost, but Black can coordinate his pieces and snack the pawn.} ( {Previously only} 19.fxe5 {was played and Black was very comfortable after} 19...fxe5 20.Rhe1 f6 ( 20...e4 21.Rxe4 Nd6 ) 21.g4 Nd6 22.g5 Rhe8 23.gxf6 Bxf6 24.b3 e4 25.Nd4+ Kb7 {Li,Z (2349)-Cheng,B (2440) Melbourne 2013} ) 19...Nd6 20.fxe5 ( {Worse was} 20.Rd1 Nc4 21.Rxh8 Bxh8 22.Rd8 Kb7 {and Black will emerge a pawn ahead.} ) 20...fxe5 21.Rd1 {Once again, best.} ( {After} 21.b3 Nb7 22.Rxh8 Bxh8 23.Bc3 f6 $1 {Black is in control.} ) 21...Nc4 22.Bc3 {After the inaccuracy on move 19 Wei finds all the best moves. The alternatives are clearly inferior for White:} ( 22.Rxc8 Rxc8 23.Rd8 Kb7 ) ( 22.Rxh8 Bxh8 23.Rd8 Kb7 24.Bc3 f6 ) 22...Rxc7 ( {Maybe} 22...b4 23.Bxb4 e4 24.Nd4+ Kxc7 {was better?!} ) 23.b3 ( {Clearly bad was} 23.Rxh8 Bxh8 24.b3 Ne3 25.Rd2 f6 {which would have lost ingloriously.} ) 23...Ne3 24.Bxe5 $1 {White sacrifices the exchange.} ( {Wei obviously saw the witty resource} 24.R1d6+ Kb7 25.R8d7 Kc8 $1 ( 25...Nxg2 26.Rxc7+ Kxc7 27.Rxa6 {is equal.} ) 26.Rxc7+ Kxc7 27.Rxa6 Rc8 $3 {with an ambush that secures Black the advantage. The next move is Kc7-b7 no matter what.} 28.Bxe5+ Kb7 $1 ) 24...Nxd1 {Carlsen accept the challenge.} ( {There would be a draw in case of} 24...Rxd8 25.Rxd8 Bxe5 26.Nxe5+ Kb7 27.Rd2 ) 25.Rd6+ Kb7 26.Bxg7 Rg8 27.Bd4 Nc3 28.Rb6+ Kc8 ( 28...Ka8 29.Rxa6+ ) 29.Be5 {All of this was very forced.} ( {There was also the study idea} 29.Rxa6 Re8 30.Ra8+ Kd7 31.Ne5+ Ke7 32.Rxe8+ Kxe8 33.Bxc3 Rxc3 {and now} 34.Nc4 {to trap the rook after} 34...bxc4 ( {But it does not work due to the cold} 34...b4 $1 {and Black preserves the exchange.} ) 35.Kd2 cxb3 36.Kxc3 bxa2 37.Kb2 ) 29...Rd8 $1 {Carlsen spins a mating net...} 30.Kb2 ( {...which would work in case of} 30.Bxc7 Kxc7 31.Rxa6 Rd1+ 32.Kb2 b4 $1 ) 30...Nd5 {The world champion noticed the limited mobility of the white rook and rejected the draw, possible after} ( 30...Nd1+ 31.Kc1 Nc3 32.Kb2 ) 31.Bxc7 Kxc7 32.Rxa6 Kb7 33.Ra3 ( {Best as} 33.Ra5 Kb6 34.Ra3 Ne3 {only helps Black.} ) 33...Ne3 34.c4 $1 {It is not about the pawns!} ( 34.g3 {would allow the second that Black misses to spin the net-} 34...Nd1+ 35.Kc1 Nc3 36.Kb2 ( 36.b4 Rd1+ 37.Kb2 Na4+ 38.Kb3 Rb1# ) 36...b4 37.Ra5 Rd1 {and wins.} ) 34...bxc4 35.Ne5 $5 {Only this can be named a mistake. But I still want to award the move with an exclamation mark as Wei's idea to activate the pieces to the maximum and force a draw was brilliant. He missed a detail though. Instead} ( 35.b4 Nxg2 ( 35...Nd5 36.Ra5 f6 37.Rb5+ Ka6 38.Ra5+ Kb6 39.a4 ) 36.Rc3 {would have most likely led to a draw.} ) 35...Rd2+ 36.Kc3 Rc2+ 37.Kd4 {Better than} ( 37.Kb4 Nd5+ 38.Kc5 c3 39.Kxd5 Rd2+ {which wins easily for Black.} ) 37...Nf5+ 38.Kd5 c3 39.Kc5 {The critical point of the game. Who is faster- the raging white pieces, or the mighty black pawn.} 39...Nd6 $3 {The knight??} ( {But why not} 39...Rd2 {Here Wei's idea is revealed. Strong is} 40.Nc6 $1 {when White would either force a perpetual, or even mate! Check these lines:} 40...c2 $2 ( 40...Ng7 $1 {Best.} 41.Ra7+ Kc8 42.Re7 $1 {Prepares the Nimzowitsch draw mechanism.} ( 42.Kb6 Ne6 {does not work here.} ) 42...c2 ( {Or a draw after} 42...Rxa2 43.Kb6 Ne6 44.Na7+ {since the sacrifice does not work-} 44...Rxa7 $2 45.Rxa7 c2 46.Ra1 ) 43.Na7+ Kd8 44.Nc6+ ) 41.Ra7+ Kc8 42.Kb6 c1=Q 43.Rc7# $1 ) 40.Nc6 {The only move, but the bird excapes.} ( 40.Kxd6 $2 Rd2+ 41.Kc5 c2 {promotes instead.} ) 40...Ne4+ {One of the two little slips in Carlsen's impeccable play today.} ( 40...Kc7 $1 {would have won instead neatly. It is not easy to calculate everything on move 40 even if you have plenty of time:} 41.Nb4 ( 41.Ra7+ Nb7+ 42.Kb5 Rxg2 ) 41...Rd2 42.Ra6 c2 43.Rc6+ Kb7 $1 ( 43...Kd7 44.Kb6 {White is better!} ) 44.Rb6+ Ka8 ( 44...Ka7 $4 45.Nc6+ Ka8 46.Rb8# ) 45.Ra6+ Kb8 46.Nxc2 Nb7+ {with a solid piece ahead. This is even better than} ( 46...Ne4+ 47.Kc4 Rxc2+ 48.Kd3 ) ) 41.Kb5 {Now Wei comes back in the game and coordinates his pieces.} 41...Kc7 42.Ra7+ Kd6 43.Ra4 {The computer suggest} ( 43.Nb4 Rxg2 44.Rxf7 Rxh2 45.a4 c2 46.Nxc2 Rxc2 47.Rxh7 {as a more stubborn defense.} ) 43...f5 44.Kb6 Rxg2 45.Rd4+ Ke6 46.a4 Ra2 $6 {The second little slip. Little, as it did not change the outcome. This avoids the hasty:} ( 46...c2 $2 47.Rc4 Rxh2 48.Nd4+ ) ( 46...Rb2 $1 {though would have won.} ) 47.a5 Rb2 {Black is better but is his advantage good enough to win? The other attempt seems to lead nowhere:} ( 47...Ra3 48.b4 Nd2 49.Rh4 Kf6 50.Nd4 h5 51.a6 ) 48.Kc7 {Wei, still playing for a win, errs last.} ( {Strong was} 48.b4 $1 {with the idea} 48...Rd2 ( {Black can probably still play for a win with} 48...Nd6 ) 49.a6 Nd6 {and now a choice of endgames:} 50.a7 ( {Or} 50.Rxd6+ Rxd6 51.a7 Rxc6+ 52.Kxc6 c2 53.a8=Q c1=Q+ 54.Kb5 ) 50...Nc8+ 51.Kb7 Nxa7 52.Kxa7 Rxd4 53.Nxd4+ Kd5 54.Ne2 $1 {Not} ( 54.Nc2 Kc4 55.Ka6 Kb3 56.b5 Kxc2 57.b6 Kd3 58.b7 c2 59.b8=Q c1=Q {which wins for Black.} ) 54...Kc4 55.Nxc3 Kxb4 {Black keeps on playing for the win in either of the games. But is he winning instead? I do not know.} ( 55...Kxc3 56.b5 f4 57.b6 f3 58.b7 f2 59.b8=Q f1=Q 60.Qc7+ {is equal instead.} ) ) 48...Nc5 49.Rc4 {And with a further wave of his magic wand Carlsen won.} ( {Or prose after} 49.b4 Na6+ 50.Kc8 c2 51.Rc4 Kd5 52.Rc3 f4 ) 49...Na6+ $1 50.Kb6 Rxb3+ 51.Kxa6 Kd5 52.Rb4 $1 {Way to go! Even in the most desperate situation Wei finds a chance.} 52...c2 $1 ( 52...Rxb4 53.Nxb4+ Kc4 54.Nc2 f4 55.Kb6 Kb3 56.Nd4+ Kc4 57.Nc2 {was the idea.} ) 53.Ne7+ Kc5 54.Rxb3 c1=Q 55.Rb6 Qc4+ 56.Kb7 Qe4+ 57.Nc6 Qd5 58.Kc7 Qd6+ 59.Kb7 Qd7+ 60.Kb8 f4 {I was wrong two days ago. Kasparyan would have loved this one even better!} 0-1

[Event "9th Masters"]
[Site "Bilbao"]
[Date "2016.07.19"]
[Round "6.1"]
[White "Wei, Yi"]
[Black "Giri, Anish"]
[Result "1-0"]
[WhiteElo "2696"]
[BlackElo "2785"]
[EventDate "2016.??.??"]
[Annotator "Bojkov,Dejan"]
[PlyCount "81"]
[Beauty "7627996135429"]
[EventType "game"]
[EventCountry "ESP"]
[WhiteClock "1:11:00"]
[BlackClock "1:06:54"]

1.e4 e5 2.Nf3 Nc6 3.Bb5 Nf6 {Giri has played the Sicilian more often, but the Berlin is a temptation one can hardly resist on a high level.} 4.O-O ( {The Dutchman latest game here went} 4.d3 Bc5 5.c3 O-O 6.O-O d6 7.Nbd2 Ne7 8.d4 exd4 9.cxd4 Bb6 {Caruana,F (2794)-Giri, A (2793) Moscow 2016} ) 4...Nxe4 5.d4 Nd6 6.Bxc6 dxc6 7.dxe5 Nf5 8.Qxd8+ Kxd8 9.h3 h5 {Already a new move order for Wei according to Megabase. He faced previously:} ( 9...Ke8 {(twice). This can also transpose to the game, while one recent example saw:} 10.Nc3 h6 11.Rd1 Ne7 12.Bf4 Ng6 13.Bg3 Bc5 14.e6 {Vachier Lagrave,M (2789)-Aronian,L (2792) Paris 2016} ) ( {And} 9...Bd7 10.Rd1 Be7 11.g4 Nh4 12.Nxh4 Bxh4 13.Nd2 Kc8 14.Nf3 Be7 15.Rd3 {as in Wei,Y (2718)-Ding,L (2757) Xinghua 2015} ) 10.Nc3 Be7 11.Bf4 Be6 12.Rad1+ ( {Instead} 12.Ng5 Ke8 {would have transposed to another game of Wei after} 13.Rad1 Rh6 14.Rfe1 Bb4 15.g4 hxg4 16.hxg4 Ne7 17.Nxe6 Rxe6 18.Kg2 {which ended in a draw later, Wei,Y (2718) -Wang,H (2710) Xinghua 2015} ) 12...Kc8 13.Ng5 Bxg5 14.Bxg5 {The opposite-colored bishops are generally considered good for Black in the Berlin.} 14...b6 ( 14...h4 $5 {to prevent White's next move was another idea.} ) 15.g4 hxg4 16.hxg4 Nh4 17.Bxh4 Rxh4 18.f3 {The kingside majority moved forward but at a price. Black has control of the open h-file, and therefore Wei is more or less forced to trade the rooks.} 18...Kb7 19.Kg2 Rah8 ( {[The move} 19...a5 {was suggested by Wei Yi. The players agreed that if Black wants to play it safe, he should trade one pair of rooks but not all. However, at this point Giri didn't realize he's the one defending here. - PD]} ) 20.Rh1 Rxh1 21.Rxh1 Rxh1 22.Kxh1 {But isn't it White actually heading to this endgame? He has a good knight, a solid pawn majority... All he needs is to bring his king to g3 and start rolling his pawns, right? The problem is that it is Black to move, and he has enough time to organize queenside play.} 22...c5 $6 {There was a faster was to activate the king:} ( {The somewhat counter-intuitive and ugly} 22...b5 $1 {with the threat b5-b4 and to grab the pawn was allowing strong counter play after} 23.a3 Kb6 24.Kg2 ( 24.Ne4 Bd5 {will also give a chance to the black king to get to c5.} ) 24...Kc5 25.Kg3 Kd4 $1 {Activity of the pieces is priority in the endgames.} 26.f4 Ke3 {and if} 27.f5 Bd7 {with the threats Ke3-d2 or Ke3-d4.} ) ( {Worse was} 22...a5 23.Kg2 b5 24.a3 Kb6 25.Kg3 Kc5 ( {Or} 25...c5 26.f4 b4 27.Ne4 ) 26.f4 b4 27.axb4+ axb4 28.Nd1 {and due to the threat f4-f5 and Kg3-f4 White has the advantage.} ) 23.Kg2 Kc6 24.a4 a6 25.Kg3 b5 26.axb5+ axb5 27.f4 b4 28.Ne4 {Now the position is similar to the one in subline 22...a5 and Giri has to be very careful to achieve a draw.} 28...Ba2 29.Nd2 {Probably even better was:} ( 29.Kf3 Bb1 30.c4 bxc3 31.Nxc3 {followed by f4-f5.} ) 29...Kd5 30.c3 bxc3 31.bxc3 g5 $2 {Black blunders.} ( {Instead} 31...c4 $1 {would have held after} 32.Kf3 ( {Or} 32.Kf2 Bb3 33.Ke3 Bd1 ) 32...Bb3 33.Ke3 Bd1 34.Nf3 ( {Black has nothing to worry about if the pawns are blocked} 34.g5 Bc2 35.Nf3 g6 ) 34...Kc5 35.Ng5 Bxg4 36.Nxf7 Kd5 {and this should be a draw.} ) 32.Kf3 $2 ( {Wei misses the win.} 32.c4+ $1 {was the right move order to achieve the position in the game:} 32...Kd4 ( {since} 32...Bxc4 {is punished by} 33.Nxc4 Kxc4 34.e6 $1 {and the g-pawn promotes.} ) ( 32...Ke6 33.Kf3 {and White wins.} ) 33.e6 gxf4+ {and now} 34.Kh4 $1 ( {or} 34.Kh3 ) ( {but not} 34.Kxf4 fxe6 35.g5 e5+ 36.Kf5 e4 37.g6 e3 38.Nf3+ Kxc4 39.Ke4 e2 40.g7 Kc3 {which is a draw.} ) 34...fxe6 35.g5 Ke3 36.g6 Kxd2 37.g7 Bxc4 38.g8=Q Bd5 39.Qg5 {should win.} ) 32...Ke6 $2 ( {Giri errs last. He could have saved the game with} 32...c4 33.Ne4 ( 33.Ke3 Bb3 ) 33...gxf4 34.Kxf4 Bb1 35.Nf6+ Ke6 36.Ne8 Kd7 37.Ng7 Ke7 ) 33.c4 $1 {This time Wei grabs his chance.} 33...gxf4 34.Kxf4 {The bishop is trapped and on the kingside White is up a pawn. The rest is a matter of technique.} 34...f6 {Or:} ( 34...Ke7 35.Kf5 ) ( 34...c6 35.Ke4 Ke7 36.Kf5 Ke8 37.Kf6 Kf8 38.e6 ) 35.exf6 Kxf6 36.g5+ Kg6 37.Kg4 Kh7 38.Kh5 c6 39.g6+ Kg7 40.Kg5 Kg8 41.Kh6 ( {Black resigned due to} 41.Kh6 Kh8 42.Ne4 Bxc4 43.Nf6 Bd5 44.g7# ) 1-0

[Event "9th Masters"]
[Site "Bilbao"]
[Date "2016.07.20"]
[Round "7.2"]
[White "Carlsen, Magnus"]
[Black "Wei, Yi"]
[Result "1/2-1/2"]
[WhiteElo "2855"]
[BlackElo "2696"]
[EventDate "2016.??.??"]
[Annotator "Bojkov,Dejan"]
[PlyCount "120"]
[Beauty "5086986121735"]
[EventType "game"]
[EventCountry "ESP"]
[WhiteClock "0:31:25"]
[BlackClock "0:13:41"]

1.Nf3 d5 2.g3 g6 3.Bg2 Bg7 4.O-O Nf6 5.c4 O-O 6.cxd5 Nxd5 7.d4 Nb6 8.Nc3 Nc6 9.d5 Na5 10.e4 c6 11.Bf4 {As usual, the world champion has an&#10;opinion of his own. The main theoretical path goes:} ( 11.Bg5 {first and only after} 11...h6 12.Bf4 cxd5 13.exd5 Nac4 14.Qe2 {when White tries to make use of&#10;the h7-h6 advance. Black should also use this advance, by the way, as the main move for him now is} 14...g5 ) 11...Nac4 12.Qe2 cxd5 13.exd5 Bg4 ( {Black can also develop the bishop&#10;on f5.} 13...Bf5 14.Rac1 Rc8 15.Nh4 ( {Black was fine after} 15.b3 Nd6 16.Ne5 Nd7 17.Rfe1 Re8 ( 17...g5 $5 ) 18.h4 Qa5 {Valsecchi,A (2435)-Cheparinov,I (2706) Skopje 2013} ) 15...Bd7 16.b3 Nd6 17.Be5 {Now instead of} 17...Bh6 ( {Black had} 17...Rxc3 $5 18.Rxc3 Bb5 {with counter-play.} ) 18.Rcd1 Re8 19.Rfe1 {with some advantage for White in Khismatullin,D (2673)-Duzhakov,I (2420)&#10;Moscow 2015} ) 14.h3 Bxf3 15.Bxf3 Nd6 ( {The captures on b2 usually do not&#10;work due to simple recaptures such as} 15...Nxb2 16.Qxb2 Na4 17.Nxa4 Bxb2 18.Nxb2 {when the pieces clearly outweigh the queen and the pawn.} ) 16.Rfe1 Re8 17.Rac1 {&#34;I think I had a very comfortable advantage out of the opening. I mean&#10;Black is solid, but not very active. I think my play could certainly have been&#10;improved upon. I lost the thread at some point.&#34; (Carlsen) Indeed, the knight&#10;on d6 is gorgeous, but it is too far away from the white camp, and Black can&#10;hardly do any harm to his opponent. At the same time, Carlsen can seize space&#10;on both flanks. On top of that, slow grinding is his favorite method.} 17...a6 18.b3 Rc8 19.Qd2 Nd7 {Rerouting the knight to a better position.} 20.Na4 {Carlsen plays around the knight.} ( {In a previous game, White tried to&#10;deal with the blockader at once:} 20.Ne4 Nxe4 ( {However, Black can defend better&#10;with} 20...Rxc1 21.Rxc1 Be5 ) 21.Bxe4 Qb6 22.Bg2 Rxc1 23.Rxc1 Be5 24.Be3 {with advantage for White in Matveeva,S (2454)-Huang,Q (2380) Ergun 2006} ) 20...Rxc1 21.Qxc1 ( 21.Rxc1 Be5 {is easier for Black.} ) 21...Bd4 ( {Further trades are desirable in general, but concretely inconvenient:} 21...Qc8 22.Qxc8 Nxc8 23.b4 {followed by Na4-c5 will give a clear edge to White.} ) ( {Waybe Wei&#10;could have tried to relieve his position a bit with} 21...Nb5 22.Qd2 Nb6 {swapping off a pair of knights as} 23.Nc5 $2 Bc3 {loses material.} ) 22.Qd2 Bg7 23.h4 {Carlsen didn't like h3-h4 and believed that Bg2 still gives an&#10;edge. Indeed} ( 23.Bg2 h5 ( {Here} 23...Nb5 {is bad since after} 24.d6 Nxd6 25.Bxd6 exd6 26.Rxe8+ Qxe8 27.Bxb7 {Black has too many weaknesses.} ) 24.Nb2 {followed by Nb2-c4 or Nb2-d3 looks better for White.} ) ( 23.Nb2 {at once is less accurate due to} 23...Nb5 ) 23...h5 {Best, as otherwise White will play h4-h5&#10;and attack on the open h-file.} 24.Nb2 ( {It was not too late to go for} 24.Bg2 {but Carlsen was probably worried about the counterplay after} 24...Nb5 25.d6 Nxd6 26.Bxd6 exd6 27.Rxe8+ Qxe8 28.Bxb7 Nf6 29.Qxd6 ( {However, instead of the&#10;capture on d6, there is} 29.Bxa6 Qc6 ( 29...Ng4 30.Be2 Qe4 31.Bxg4 hxg4 32.Qxd6 Qb1+ 33.Kg2 Qe4+ 34.Kh2 Qc2 35.Qf4 ) 30.Be2 Ne4 31.Qd1 d5 {and&#10;although Black has compensation for the pawn, it is still an extra one!} ) 29...Qe1+ 30.Kg2 Ng4 $1 {and this is the reason why he criticized his h3-h4 move. Indeed, White has no more than a draw here after say} 31.Qb8+ Bf8 32.Qf4 Bh6 33.Qf3 Be3 $1 34.fxe3 Qd2+ 35.Kg1 Qe1+ {with perpetual, or White can &#34;play&#10;for a loss&#34; in the case of} 36.Qf1 Qxg3+ 37.Qg2 Qe1+ 38.Qf1 Qxe3+ ) 24...Nb5 $1 {&#34;I had seen this, but I didn't see anything else.&#34; (Carlsen)} 25.Re3 Nd4 {Thanks to this extra tempo, Wei gets enough time to free himself in the center.} 26.Bg2 e5 27.dxe6 Nxe6 28.Nc4 ( {Or equality after} 28.Rd3 Nxf4 29.Qxf4 ( 29.Rxd7 Ne2+ 30.Kh2 Qf6 ) 29...Re1+ 30.Kh2 Qe7 ) 28...Nxf4 29.Rxe8+ Qxe8 30.Qxf4 b5 ( 30...Qe1+ 31.Bf1 b5 ) 31.Ne3 Qe5 {Black traded almost&#10;everything, and the draw is within his reach.} 32.Qxe5 Bxe5 {An accuracy which creates some headaches for the Chinese GM.} ( 32...Nxe5 {"would have been completely equal." (Carlsen) For example} 33.Bb7 ( 33.b4 Nd3 34.Nc2 Bc3 35.Bb7 Bxb4 36.Bxa6 Bc5 ) 33...a5 34.Ba6 b4 ) 33.b4 $1 {Now the&#10;pawns are fixed on light squares, and Wei has to be careful.} 33...Bd6 34.Bb7 Nb8 35.Nd5 Kf8 36.Kg2 Ke8 37.f3 ( {Perhaps} 37.Kf3 f5 38.Ke2 {gave more&#10;chances to White.} ) 37...f5 38.Kf2 Kd7 39.Nf4 Kc7 40.Bd5 Bxf4 41.gxf4 Kd6 42.Bf7 Nc6 43.a3 {Or} ( 43.Bxg6 Nxb4 44.a3 Nc2 45.Bxf5 Nxa3 46.Bg6 b4 47.Bxh5 b3 48.Ke3 b2 49.Bg6 b1=Q 50.Bxb1 Nxb1 51.Kd4 ) 43...Ne7 44.Ke1 ( 44.Ke3 Nd5+ {is an instant draw as White needs to trade the bishop} 45.Bxd5 Kxd5 46.Kd3 Ke6 47.Kd4 Kd6 48.Ke3 Kd5 49.Kd3 ) 44...Kd7 45.Kd1 Kd6 46.Kd2 Kd7 47.Kd3 Kd6 48.Kc2 ( {No zugzwang after} 48.Kd4 Nc6+ 49.Kc3 Ne7 ) 48...Kd7 49.Kb3 Kd6 50.a4 Nc6 {It seemed as if Black ran out of moves, but the&#10;knight can start to counter-attack.} ( {There was an alternative defense:} 50...Kc6 51.Be8+ Kd6 52.axb5 axb5 53.Bxb5 Nd5 ) 51.axb5 axb5 52.Kc3 ( {Or} 52.Bxg6 Nd4+ 53.Kc3 Nxf3 54.Bxf5 Nxh4 55.Be4 Ke6 ) 52...Ne7 53.Kd2 Nd5 {The most forceful continuation.} 54.Bxg6 ( 54.Bxd5 Kxd5 55.Kd3 ) 54...Nxb4 55.Bxh5 Nd5 56.Be8 Nxf4 57.Bxb5 {Now all Black needs is to trade his&#10;knight for the &#34;f&#34; pawn, and he does it duly.} 57...Ke5 58.Bf1 Ng6 59.h5 Nh4 60.Ke2 Nxf3 {Followed by Ke5-f6-g7-h8 and the well-known fortress. There was&#10;never a win for White. &#34;After the time control, it's just drawn because I can&#10;never put him in zugzwang.&#34; (Carlsen)} 1/2-1/2